000 00646nam a2200253Ia 4500
003 OSt
005 20220912150637.0
006 a|||||r|||| 00| 0
007 ta
008 220909b |||||||| |||| 00| 0 eng d
024 _a53784
037 _cTextual
040 _aCSL
_beng
_cCSL
041 _aeng
082 _aK:7, L0;1
100 _aSaunders J W
245 0 _aPatterns and principles of animal development
260 _aLondon
_bMacmillan
_c1970
300 _axiii,282p.
_ccm.
650 _a Animal development
650 _aZoology
942 _hK:7, L0;1
_cTEXL
_2CC
999 _c51725
_d51725